LEADER 01622nam a2200301 u 4500 001 000000115221 003 CaOOAMICUS 005 20090407115559.0 008 090407s2009 it af u000 u ita r 020 $z978-88-16-30465-9* 040 $aPUL$bita$dLDB 245 02$aL'antropologia religiosa di fronte alle espressioni della cultura e dell'arte :$bil contributo di Julien Ries alla storia delle religioni /$cR. Boyer ... [et al.] ; a cura di Natale Spineto. 260 $aMilano :$bJaca Book,$cc2009. 300 $a176 p., [16] p. di tav. ;$c23 cm 490 1 $aDi fronte e attraverso.$aFilosofia ;$v864 500 $aSul front.: Atti del Colloquio internazionale, Universita Cattolica del Sacro Cuore, Milano, 19 febbraio 2008 504 $aBibliografia: p. 132-176. 600 14$aRies, Julien,$ccard.,$d1920-2013.$0(OLS)http://pul/subject/35248 650 4$aAntropologia religiosa.$0(OLS)http://pul/subject/1805 700 1 $aSpineto, Natale.$0(OLS)http://pul/name/71303 700 1 $aBoyer, Régis.$0(OLS)http://pul/name/2077 830 0$aDi fronte e attraverso.$pFilosofia ;$v864.$0(OLS)http://pul/title/8614 850 $aPUL 852 $aPUL$W1$xSL Religione 3$y85$m291. 2 SPINA 1$j131956$qDDC 21$B130941$CPULBib$Z2$F130941 $H110021 $82 941 1 $a9 996 $6020$z978-88-16-30465-9*$9(OLS)http://pul/number/140259 996 $6245$aL'antropologia religiosa di fronte alle espressioni della cultura e dell'arte :$bil contributo di Julien Ries alla storia delle religioni$9(OLS)http://pul/title/144799 996 $6260$aMilano :$bJaca Book$9(OLS)http://pul/publisher/47900 LEADER 01567nam a2200325 u 4500 001 000000056365 003 CaOOAMICUS 005 20070226120451.0 008 010405s1991 fr u000 u fre u 020 $a2711610853 035 $a10871326 040 $aPUL$bita 100 1 $aGilson, Etienne,$d1884-1978.$0(OLS)http://pul/name/629 240 10$aLettere$9(Gilson, Etienne, 1884-1978)$1Gruppi, scelte.$0(OLS)http://pul/title/75386 245 10$aCorrespondance 1923-1971 :$bdeux approches de l'être /$cEtienne Gilson, Jacques Maritain ; éditée et commentée par Géry Prouvost. 260 $aParis :$bJ. Vrin,$c1991. 300 $a300 p. ;$c24 cm 490 1 $aBibliothèque des textes philosophiques 504 $aBibliografia in nota. 600 14$aGilson, Étienne ,$d1884-1978.$0(OLS)http://pul/subject/593 600 14$aMaritain, Jacques,$d1882-1973.$0(OLS)http://pul/subject/551 700 12$aMaritain, Jacques,$d1882-1973$tLettere$9(Maritain, Jacques, 1882-1973).$1Gruppi, scelte.$0(OLS)http://pul/name/39542 830 0$aBibliothèque des textes philosophiques.$0(OLS)http://pul/title/6498 850 $aPUL 852 $aPUL$W1$xSL Filosofia 2$y80$mPhil D4 41o$j73943$nBK-PRI$b $qStampati altre collocazioni$B73943$CPULBib$Z2$F73943 $H $81 941 1 $a10 961 $aINV: 84706 996 $6020$a2711610853$9(OLS)http://pul/number/71048 996 $6245$aCorrespondance 1923-1971 :$bdeux approches de l'être$9(OLS)http://pul/title/75387 996 $6260$aParis :$bJ. Vrin$9(OLS)http://pul/publisher/48393 LEADER 01339nam a2200301 a 4500 001 000000152465 003 CaOOAMICUS 005 20160621160319.0 008 160621s1965 xxc u000 u fre r 032 $aLibriCat 040 $aPUL$bita 100 1 $aLévillé, Maurice.$0(OLS)http://pul/name/97107 245 10$aAmour et altérité /$cMaurice Lévillé. 260 $aMontréal :$bUniversité de Théologie,$c1965. 300 $a70 p. ;$c25 cm. 490 1 $aTheologica Montis Regii ;$v39 502 $aPars dissertationis ad lauream in facultate philosophiae apud Pontificiam Universitatem S. Thomae de Urbe. 1961. 504 $aBibliografia in nota a piè pagina. 650 4$aAmore.$0(OLS)http://pul/subject/6902 650 04$aAlterità.$0(OLS)http://pul/subject/38267 710 2 $aPontificia Università S. Tommaso.$bFacoltà di filosofia.$kTesi.$0(OLS)http://pul/name/83008 830 0$aTheologica Montis Regii ;$v39.$0(OLS)http://pul/title/92710 850 $aPUL 852 $aPUL$W1$xDP1 Tesi Pon. Univ. S. Tommaso$y44$mTH S.THOM PH132$j175477$qTesi$B177898$CPULBib$Z2$F177898 $H25541 $81 941 1 $a16 996 $6245$aAmour et altérité$9(OLS)http://pul/title/191875 996 $6260$aMontréal :$bUniversité de Théologie$9(OLS)http://pul/publisher/85109